|
|
|
|
| LEADER |
00772nab a2200205 i 4500 |
| 001 |
acta49975 |
| 005 |
20260224081030.0 |
| 008 |
180119s2014 hu o 000 hun d |
| 022 |
|
|
|a 2063-2525
|
| 040 |
|
|
|a SZTE Egyetemi Kiadványok Repozitórium
|b hun
|
| 041 |
|
|
|a hun
|
| 100 |
1 |
|
|a Anka Márton Tibor
|
| 245 |
1 |
2 |
|a A zálogjog bejegyzésének joghatása a hitelbiztosítéki nyilvántartásban
|h [elektronikus dokumentum] /
|c Anka Márton Tibor
|
| 260 |
|
|
|c 2014
|
| 300 |
|
|
|a 7-21
|
| 490 |
0 |
|
|a Acta Universitatis Szegediensis : forum : acta juridica et politica
|v 4 No. 2
|
| 650 |
|
4 |
|a Társadalomtudományok
|
| 650 |
|
4 |
|a Jogtudomány
|
| 695 |
|
|
|a Zálogjog - Magyarország
|
| 856 |
4 |
0 |
|u http://acta.bibl.u-szeged.hu/49975/1/juridpol_forum_004_002_007-021.pdf
|z Dokumentum-elérés
|